Molecular biology and genetic engineering / (Record no. 82217)
[ view plain ]
| 000 -LEADER | |
|---|---|
| fixed length control field | 00626nam a22001937a 4500 |
| 005 - DATE AND TIME OF LATEST TRANSACTION | |
| control field | 20140422111625.0 |
| 010 ## - LCCN (DPL NO) | |
| LC control number | ENG-109196 |
| 020 ## - INTERNATIONAL STANDARD BOOK NUMBER | |
| Terms of availability | 250.00 |
| International Standard Book Number | 9789382459163 |
| 035 ## - SYSTEM CONTROL NUMBER | |
| System control number | EN-92729 |
| 037 ## - SOURCE OF ACQUISITION | |
| Source of stock number/acquisition | DBAD/PUB |
| 082 ## - DEWEY DECIMAL CLASSIFICATION NUMBER | |
| Classification number | 572.8 |
| 245 ## - TITLE STATEMENT | |
| Title | Molecular biology and genetic engineering / |
| Statement of responsibility, etc | by L. M. Narayanan...[et al] |
| 250 ## - EDITION STATEMENT | |
| Edition statement | 5th ed |
| 260 ## - PUBLICATION, DISTRIBUTION, ETC. (IMPRINT) | |
| Name of publisher, distributor, etc | Saras Publication |
| Date of publication, distribution, etc | 2013 |
| Place of publication, distribution, etc | Nagercoil |
| 270 ## - ADDRESS | |
| City | Nagercoil |
| Postal code | 629002 |
| Address | 114/35G, A. R. P. Camp Road, Periavilai, Kottar P. O., Nagercoil |
| 300 ## - PHYSICAL DESCRIPTION | |
| Extent | xx,390p. : |
| Dimensions | 25cm(pbk) |
| Other physical details | ill. |
| 700 ## - ADDED ENTRY--PERSONAL NAME | |
| Personal name | Narayanan, L. M. |
| 942 ## - ADDED ENTRY ELEMENTS (KOHA) | |
| Source of classification or shelving scheme | Dewey Decimal Classification |
| Item type | English Books |
| Call number suffix | MOL |
| Classification part | 572.8 |
| Withdrawn status | Lost status | Not for loan | Collection code | Home library | Current library | Date acquired | Source of acquisition | Cost, normal purchase price | Full call number | Barcode | Copy number | Cost, replacement price | Koha item type |
|---|---|---|---|---|---|---|---|---|---|---|---|---|---|
| Not For Loan | Non-fiction | D.B.Act.Division | D.B.Act.Division | 29/01/2014 | DBAD/PUB | 250.00 | 572.8 MOL | EN-92729 | 1 | 250.00 | English Books |
